| 000 | 00423pab a2200157 454500 | ||
|---|---|---|---|
| 008 | 180718b1997 xxu||||| |||| 00| 0 eng d | ||
| 100 | _aMishra, Rajeshwar | ||
| 245 | _aInnovative initiative by panchayats: experiments from North Bengal | ||
| 260 | _c1997 | ||
| 300 | _ap.53-64 | ||
| 650 | _aPanchayat - India - West Bengal | ||
| 650 | _aPanchayat | ||
| 700 | _aSharma, Nilotpal | ||
| 773 | _aAbhigyan | ||
| 909 | _a36213 | ||
| 999 |
_c36213 _d36213 |
||